LEADER 01148nam 2200373 450 001 990003079010203316 005 20080312141943.0 010 $a0-8084-0433-4 035 $a000307901 035 $aUSA01000307901 035 $a(ALEPH)000307901USA01 035 $a000307901 100 $a20080312d1992----km-y0itay50------ba 101 $aeng 102 $aGB 105 $a||||||||001yy 200 1 $aLucy Temple$eCharlotte's daughter$fby Susanna Rowson$gedited for the modern reader by Christine Levenduski 210 $aAlbany$cNCUP$dcopyr. 1992 215 $aXXI, 109 p.$d22 cm 225 2 $aMasterworks of literature 410 0$12001$aMasterworks of literature 517 $aCharlotte?s daughter or, The three orphans 676 $a813.2 700 1$aROWSON,$bSusanna$0600671 702 1$aLEVENDUSKI,$bChristine 801 0$aIT$bsalbc$gISBD 912 $a990003079010203316 951 $aVII.4.A. 529$b206728 L.M.$cVII.4.$d00210416 951 $aVII.4.A. 529a$b206729 L.M.$cVII.4.$d00210429 959 $aBK 969 $aUMA 979 $aCHIARA$b90$c20080312$lUSA01$h1419 996 $aLucy Temple$91023800 997 $aUNISA LEADER 04644nam 2201105Ia 450 001 9910783311403321 005 20230207223626.0 010 $a1-282-77189-2 010 $a9786612771897 010 $a1-4237-1491-1 010 $a0-520-93896-8 010 $a1-59875-523-4 024 7 $a10.1525/9780520938960 035 $a(CKB)1000000000030793 035 $a(EBL)231907 035 $a(OCoLC)475938149 035 $a(SSID)ssj0000124264 035 $a(PQKBManifestationID)11936814 035 $a(PQKBTitleCode)TC0000124264 035 $a(PQKBWorkID)10023198 035 $a(PQKB)10561061 035 $a(StDuBDS)EDZ0000056062 035 $a(MiAaPQ)EBC231907 035 $a(OCoLC)60931276 035 $a(MdBmJHUP)muse30561 035 $a(DE-B1597)518867 035 $a(DE-B1597)9780520938960 035 $a(Au-PeEL)EBL231907 035 $a(CaPaEBR)ebr10082405 035 $a(CaONFJC)MIL277189 035 $a(EXLCZ)991000000000030793 100 $a20040928d2005 uy 0 101 0 $aeng 135 $aur||#|||||||| 181 $ctxt 182 $cc 183 $acr 200 10$aCoffins on our shoulders$b[electronic resource] $ethe experience of the Palestinian citizens of Israel /$fDan Rabinowitz, Khawla Abu-Baker 210 $aBerkeley $cUniversity of California Press$d2005 215 $a1 online resource (235 p.) 300 $aDescription based upon print version of record. 311 $a0-520-24557-1 311 $a0-520-24441-9 320 $aIncludes bibliographical references (p. ) and index. 327 $tFront matter --$tContents --$tPreface --$tIntroduction --$tChapter One --$tChapter Two --$tChapter Three --$tChapter Four --$tChapter Five --$tChapter Six --$tNotes --$tReferences --$tAbout the Authors --$tIndex 330 $aThis highly original historical and political analysis of the Arab-Israeli conflict combines the unique perspectives of two prominent segments of the Middle Eastern puzzle: Israeli Jews and the Palestinian citizens of Israel. Written jointly by an Israeli anthropologist and a Palestinian family therapist born weeks apart to two families from Haifa, Coffins on Our Shoulders merges the personal and the political as it explores the various stages of the conflict, from the 1920's to the present. The authors weave vivid accounts and vignettes of family history into a sophisticated multidisciplinary analysis of the political drama that continues to unfold in the Middle East. Offering an authoritative inquiry into the traumatic events of October 2000, when thirteen Palestinian citizens of Israel were killed by Israeli police during political demonstrations, the book culminates in a radical and thought-provoking blueprint for reform that few in Israel, in the Arab world, and in the West can afford to ignore. 606 $aPalestinian Arabs$zIsrael 606 $aPalestinian Arabs$zIsrael$xSocial conditions 606 $aPalestinian Arabs$xLegal status, laws, etc$zIsrael 606 $aPalestinian Arabs$zIsrael$xPolitics and government 606 $aArab-Israeli conflict$xInfluence 606 $aSocial integration$zIsrael 607 $aIsrael$xEthnic relations 610 $a20th century. 610 $aanthropologists. 610 $aanthropology. 610 $aarab israeli conflict. 610 $aarab world. 610 $acultural conflict. 610 $acultural studies. 610 $afamily histories. 610 $ahaifa. 610 $ahistorians. 610 $ahistorical analysis. 610 $ahistorical. 610 $aisrael. 610 $aisraeli jews. 610 $aisraeli palestinians. 610 $amiddle east. 610 $amultidisciplinary analysis. 610 $anonfiction. 610 $apalestine. 610 $apalestinians. 610 $apersonal experiences. 610 $apolitical analysis. 610 $apolitical conflict. 610 $apolitical perspective. 610 $athought provoking. 610 $awestern perspective. 615 0$aPalestinian Arabs 615 0$aPalestinian Arabs$xSocial conditions. 615 0$aPalestinian Arabs$xLegal status, laws, etc. 615 0$aPalestinian Arabs$xPolitics and government. 615 0$aArab-Israeli conflict$xInfluence. 615 0$aSocial integration 676 $a305.892/7405694/090511 700 $aRabinowitz$b Dan$f1954-$01467793 701 $aAbu Baker$b Khawla$01467794 801 0$bMiAaPQ 801 1$bMiAaPQ 801 2$bMiAaPQ 906 $aBOOK 912 $a9910783311403321 996 $aCoffins on our shoulders$93678621 997 $aUNINA LEADER 02216oas 2200781 a 450 001 9910144466103321 005 20260218110051.0 024 8 $aeb55558686 035 $a(DE-599)ZDB2234683-1 035 $a(OCoLC)72519579 035 $a(CONSER) 2007220399 035 $a(CKB)1000000000222751 035 $a(DE-599)2234683-1 035 $a(EXLCZ)991000000000222751 100 $a20061011a20069999 sy 101 0 $aeng 135 $aurcn||||||||| 181 $ctxt$2rdacontent 182 $cc$2rdamedia 183 $acr$2rdacarrier 200 00$aCommunications in biometry and crop science 210 $aWarsaw $cFaculty of Agriculture and Biology, Warsaw Agricultural University$d[2006]- 300 $aRefereed/Peer-reviewed 300 $aTitle from volume contents page (viewed Nov. 16. 2007). 311 08$a1896-0782 517 1 $aCBCS 517 1 $aInternational journal of the Faculty of Agriculture and Biology, Warsaw Agricultural University, Poland 606 $aBiometry$vPeriodicals 606 $aCrop science$vPeriodicals 606 $aBiome?trie$vPe?riodiques 606 $aPhytotechnie$vPe?riodiques 606 $aCrop Science$2ebps 606 $aBiostatistics$2ebps 606 $aBiometry$2fast$3(OCoLC)fst00832611 606 $aCrop science$2fast$3(OCoLC)fst00883934 608 $aPeriodicals.$2fast 615 0$aBiometry 615 0$aCrop science 615 6$aBiome?trie 615 6$aPhytotechnie 615 7$aCrop Science. 615 7$aBiostatistics. 615 7$aBiometry. 615 7$aCrop science. 712 02$aSzko?a G?o?wna Gospodarstwa Wiejskiego w Warszawie.$bFaculty of Agriculture and Biology. 801 0$bHNK 801 1$bHNK 801 2$bAGL 801 2$bOCLCQ 801 2$bDEBBG 801 2$bGWDNB 801 2$bOCLCQ 801 2$bGBVCP 801 2$bOCLCQ 801 2$bOCLCF 801 2$bOCLCQ 801 2$bWT2 801 2$bOCLCQ 801 2$bAU@ 801 2$bVT2 801 2$bOCLCQ 801 2$bSXB 801 2$bUEJ 801 2$bOCLCQ 906 $aJOURNAL 912 $a9910144466103321 996 $aCommunications in biometry and crop science$92091577 997 $aUNINA